000 00527nam a2200193Ia 4500
003 GCL
008 140319s9999 xx 000 0 eng d
040 _aGCL /
_cGCL
082 0 4 _a823
_bC I
100 1 _aCAPOTE, TRUMAN
245 1 0 _aIN COLD BLOOD: A TRUE ACCOUNT OF A MULTIPLE MURDER AND ITS CONSEQUENCES /
_cCAPOTE, TRUMAN
260 _a[S.N] :
_bPENGUIN BOOKS ،
_c1965
300 _a343
650 0 4 _aENGLISH LITERATURE
650 0 4 _aLITERATURE
650 0 4 _aENGLISH FICTION
650 0 4 _aFICTION
942 _2ddc
_cBK
999 _c15395
_d15395